Normal view
MARC view
- Van Denburg, Eric J.
Entry Nombre Personal
001 - NUMERO DE CONTROL
- campo de control: 47285
003 - IDENTIFICADOR DE NUMERO DE CONTROL
- campo de control: DLC
005 - FECHA Y HORA DE LA ÜLTIMA TRANSACCIÓN
- campo de control: 20221123115347.0
008 - DATOS DE LONGITUD FIJA
- campo de control de longitud fija: 221123n| acannaab| |a aaa |||
010 ## - NÚMERO DE CONTROL DE LA BIBLIOTECA DEL CONGRESO
- Número de control LC: n 87831894
040 ## - FUENTE DE CATALOGACIÓN
- Agencia original de catalogación: DLC
- Agencia de transcripción: DLC
- Agencia que lo modifica: DNLM
- Agencia que lo modifica: MX-MxUPN
- Lenguaje de catalogación: spa
046 ## - FECHAS CON CODIFICACIÓN ESPECIAL
- Fecha de nacimiento: 1955
100 10 - ENCABEZAMIENTO - NOMBRE PERSONAL
- Nombre personal: Van Denburg, Eric J.
- Fuller form of name: (Eric James),
- Fechas asociadas con el nombre: 1955-
400 10 - VEÁSE - NOMBRE DE PERSONA
- Personal name: Denburg, Eric J. Van
- Fuller form of name: (Eric James)
670 ## - FUENTE EN LA QUE SE LOCALIZARON DATOS
- Cita de la fuente: nuc87-45882: En su obra: Changes in body attitude as a function ... c1984
- Información localizada: (hdg. on MoSW rept.: Van Denburg, Eric J. (Eric James); usage: Eric J. Van Denburg)
670 ## - FUENTE EN LA QUE SE LOCALIZARON DATOS
- Cita de la fuente: Choca, J.P. Interpretative guide to the Millon clinical multiaxial inventory, 1991:
- Información localizada: CIP portada (Eric Van Denburg) hoja de datos (b. 11/9/55)
902 ## - CATALOGADOR
- Catalogador: NDAF/231122
